[Event "CHN-ch Blitz Open 2018"]
[Site "Tianjin"]
[Date "2018.06.07"]
[Round "1"]
[White "Li, Yankai"]
[Black "Wen, Yang"]
[Result "0-1"]
[WhiteElo "2435"]
[BlackElo "2596"]
[Annotator "TA"]
[PlyCount "120"]
[EventDate "2018.06.07"]
[EventType "blitz"]
[EventRounds "9"]
[EventCountry "CHN"]
[SourceTitle "playchess.com"]
[Source "ChessBase"]
[SourceQuality "1"]

{[%evp 11,120,18,20,20,20,20,20,20,20,20,20,20,20,20,19,0,12,0,7,0,0,6,6,6,2,2,7,0,0,0,11,0,8,0,10,0,12,0,6,6,8,8,5,7,0,-25,41,40,59,22,24,27,27,9,22,19,15,-16,0,0,0,0,0,-27,-24,-63,-72,-80,-68,-62,-56,-59,-80,-164,-164,-158,-154,-163,-164,-164,-164,-160,-158,-247,-95,-351,-71,-83,0,-119,-90,-206,28,-642,-594,-565,-547,-793,-760,-1560,-1382,-1347,-1333,-1268,-1036,-1803,-1662,-29951,-6215,-29987,-29988]} 1. d4 Nf6 2. c4 e6 3. g3 d5 4. Bg2 dxc4 5. Nf3 Bb4+ 6. Bd2 a5 7. Qc2 {E04: Open Catalan: 5 Nf3} Bxd2+ 8. Qxd2 c6 9. a4 {The position is equal.} Ne4 10. Qc2 Nd6 11. O-O Na6 12. Ne5 Nb4 13. Qc3 {[#]} Nd5 $146 ({Predecessor:} 13... O-O 14. Na3 Nd5 {0-1 (67) Li,Y (2434)-Wang,H (2713) Hanoi 2018}) 14. Qc1 Qb6 15. e3 f6 16. Nxc4 Nxc4 17. Qxc4 Qxb2 18. Na3 {Black must now prevent Rfb1.} Qb4 19. Qc2 Qe7 20. Nc4 O-O 21. Qd2 Qb4 22. Qc2 Qe7 23. Qd2 Qb4 24. Qc2 Rd8 25. Rab1 Qe7 26. Qd2 Qc7 27. Rfc1 Ra6 28. e4 Ne7 ({Black should try} 28... Nb4 $1 $11) 29. Qb2 $14 {[%mdl 1024] White has compensation.} Ra7 30. Rd1 Bd7 31. Qa3 Be8 32. Qc5 Nc8 33. Bh3 Bf7 34. Rbc1 b6 35. Qa3 Nd6 36. Nxd6 Qxd6 37. Qxd6 (37. Qb3 {keeps more tension.} b5 38. e5 Qd5 39. Qxd5 exd5 40. Rxc6 b4 41. Rb6) 37... Rxd6 38. e5 fxe5 39. dxe5 Rxd1+ 40. Rxd1 $15 {[%mdl 4096] Endgame And now Rd8+ would win. KRB-KRB} Kf8 41. Rd6 Rc7 42. Bg2 (42. Bxe6 $17 {keeps fighting.} Bxe6 43. Rxe6) 42... b5 $19 43. Bxc6 b4 {Hoping for ...b3.} 44. Be4 Be8 45. Rxe6 Bxa4 46. Ra6 Rc5 47. e6 (47. Bxh7 $17 Rxe5 48. f4) 47... Re5 $2 (47... b3 $19 {and Black stays clearly on top.} 48. Bxh7 b2) 48. Bd3 $2 {[%mdl 8192]} (48. Bxh7 $17 {was worth a try.} Ke7 49. f4) 48... Bb3 $2 (48... Bb5 $1 $19 {[%cal Rb5a6] has better winning chances.} 49. Ra8+ Ke7 50. Ra7+ Kxe6 51. Bxh7 Re1+ 52. Kg2 a4) 49. f4 $17 {[#]} Re3 ({Reject} 49... Rxe6 $6 50. Ra8+ Ke7 51. Rxa5 $11) (49... Rc5 $1 $17 {...Bc2 is the strong threat.} 50. Bxh7 Bc4 51. Ra8+ Ke7) 50. Bxh7 (50. Bf5 $11 {remains equal.}) 50... a4 51. f5 {[#]} (51. Ra8+ $17 Ke7 52. Bf5) 51... a3 $2 ({Black should play} 51... Ke7 $1 $19 {aiming for ...Re2.} 52. Ra7+ Kd6) 52. Ra8+ $2 {[%mdl 8192]} (52. Ra7 $11 {and White has nothing to worry.}) 52... Ke7 $19 53. Ra7+ Kd6 54. Rd7+ Kc6 55. Ra7 a2 56. Kf2 Re5 57. e7 Bd5 58. Bg6 {[#]} Rxe7 $1 {[%mdl 512]} 59. Ra5 (59. Rxe7 a1=Q) 59... b3 {[%cal Bb4b3,Bb3b2][%mdl 32]} 60. Bh5 b2 {Precision: White = 37%, Black = 61%.} 0-1

[Event "CHN-ch Blitz Open 2018"]
[Site "Tianjin"]
[Date "2018.06.07"]
[Round "1"]
[White "Xiang, Zeyu"]
[Black "Liu, Yan"]
[Result "1-0"]
[WhiteElo "2423"]
[BlackElo "2505"]
[Annotator "TA"]
[PlyCount "125"]
[EventDate "2018.06.07"]
[EventType "blitz"]
[EventRounds "9"]
[EventCountry "CHN"]
[SourceTitle "playchess.com"]
[Source "ChessBase"]
[SourceQuality "1"]

{[%evp 9,125,26,26,24,22,14,7,5,16,-13,-29,-16,-18,-31,-19,-14,-7,-18,-4,-9,-17,-21,-3,-29,-9,-26,-12,-22,-26,-39,-35,-43,-48,-48,-51,-86,-85,-61,-70,-98,-70,-72,-42,-56,-47,-56,-27,-45,-42,-84,-37,-55,-10,-86,-79,-205,-209,-170,0,0,0,0,363,363,339,317,295,61,84,80,91,52,104,104,104,104,104,104,104,104,104,104,113,113,120,104,113,98,98,72,113,98,98,98,98,98,98,8,104,104,142,142,142,142,160,174,29972,29974,29974,29975,29989,29968,29980,29981,29980,29978,29997,254]} 1. d4 b6 2. e4 Bb7 3. Nd2 g6 (3... e6 4. Ngf3 g6 5. Bd3 Bg7 6. c3 d6 7. Qe2 a6 8. O-O Nd7 9. Re1 Ne7 10. a3 h6 11. h3 O-O 12. Nf1 {0-1 (55) Karr,J (2366)-Bauer,C (2634) Drancy 2016}) 4. Ngf3 Bg7 5. Bc4 e6 6. O-O {B00: Queen's Fianchetto Defence, Nimzowitsch Defence} Ne7 7. a4 $146 ({Predecessor:} 7. Re1 d6 8. Bb3 Nd7 9. Nf1 h6 10. Ng3 O-O 11. c3 {0-1 (52) Molinero Martin,J (2130)-Soler Colomer,V (2210) Canovelles 1999}) 7... O-O 8. Re1 {The position is equal.} d5 9. Bd3 c5 10. exd5 exd5 11. a5 Nbc6 12. axb6 axb6 13. Rxa8 Bxa8 14. dxc5 bxc5 15. c3 Nc8 16. Nf1 Nb6 17. Bg5 Qd6 18. Qc1 Nd7 19. Bh6 Nde5 20. Nxe5 Nxe5 21. Bb1 d4 22. Bxg7 Kxg7 23. cxd4 cxd4 24. Be4 Bxe4 (24... f5 {seems wilder.} 25. Bb1 Re8 26. f3 Bc6 27. Nd2 Bd5) 25. Rxe4 f6 26. Qd2 Rd8 27. Re1 Qb6 28. Rc1 Rd7 29. Ng3 Qb7 30. h3 h5 31. Ne2 (31. f4 $11 {keeps the balance.} Nf7 32. f5) 31... d3 32. Nc3 (32. Ng3 $17 {was worth a try.}) 32... Nc4 $19 33. Qf4 {[#]} Qxb2 $2 ({Black should try} 33... d2 $1 $19 34. Rd1 Qb4) 34. Na4 $1 $11 {[%cal Ra4b2]} Qa3 35. Qxc4 {Nc5 is the strong threat.} d2 $2 {[%mdl 8192]} (35... Rd4 $1 $11 36. Qxd4 Qxc1+ 37. Kh2 d2) 36. Rd1 $18 Qe7 37. Nc3 Qe1+ 38. Kh2 $2 ({White has to play} 38. Qf1 $18 Re7 39. g3) 38... Qxf2 $14 39. Qe2 Qf4+ 40. g3 Qd4 (40... Qd6 $1 $14) 41. Nb1 $16 {[%cal Rd1d2]} h4 42. Rxd2 hxg3+ 43. Kg2 Qa7 44. Rxd7+ ({Worse is} 44. Kxg3 Rb7 $17) 44... Qxd7 45. Nd2 ({Much weaker is} 45. Kxg3 $6 Qc7+ 46. Kf3 Qd7 $11) 45... Qd5+ 46. Nf3 Qd6 47. Qe1 Qc7 48. Qxg3 Qc2+ 49. Qf2 Qc6 50. Kh2 Qc7+ 51. Qg3 Qc2+ 52. Kg1 Qc1+ {[#]} 53. Qe1 (53. Ne1 $1 $16) 53... Qc5+ (53... Qxe1+ $1 $11 54. Nxe1 g5) 54. Kg2 {Hoping for Qe4.} g5 55. Qe4 Qa7 56. Nd4 {And now Nf5+ would win.} Qa2+ 57. Kg3 Qa3+ $2 (57... Qa7 $18 58. Nf5+ Kf8) 58. Kg4 {White mates.} Qa7 59. Nf5+ Kf8 60. Qb4+ Kf7 61. Qc4+ Kf8 62. Qd4 Qa6 63. Qd8+ {Precision: White = 38%, Black = 39%.} 1-0

[Event "CHN-ch Blitz Open 2018"]
[Site "Tianjin"]
[Date "2018.06.07"]
[Round "1"]
[White "Chu, Wei Chao"]
[Black "Zeng, Chongsheng"]
[Result "1-0"]
[WhiteElo "2399"]
[BlackElo "2532"]
[Annotator "TA"]
[PlyCount "39"]
[EventDate "2018.06.07"]
[EventType "blitz"]
[EventRounds "9"]
[EventCountry "CHN"]
[SourceTitle "playchess.com"]
[Source "ChessBase"]
[SourceQuality "1"]

{[%evp 24,39,3,0,645,624,651,643,646,600,1240,1237,969,786,1861,1881,1891,1879]} 1. d4 d5 2. c4 e6 3. Nf3 c6 4. g3 dxc4 5. Bg2 Nf6 6. O-O Nbd7 7. Nc3 b5 8. e4 Bb7 9. e5 {E01: Catalan: Early deviations} Nd5 10. Ng5 Be7 11. Qh5 g6 12. Qh6 Bf8 13. Qh3 {[#] LiveBook: 25 Games} c5 $146 {[%mdl 8192] [#]} (13... Be7 $11 14. Qh6 Bf8) ({Predecessor:} 13... Be7 14. Nce4 h6 15. Re1 Kf8 16. Nd6 Bxd6 17. exd6 N7f6 18. Bxd5 cxd5 19. Nxf7 Kxf7 20. Qxe6+ Kf8 21. d7 Kg7 22. Qe7+ Kg8 23. Qe6+ {½-½ (23) Cruzado Duenas,C (2569)-Dothan,Y (2575) ICCF email 2016}) 14. Nxd5 $18 {White is clearly winning.} Bxd5 15. Bxd5 exd5 16. e6 fxe6 17. Qxe6+ Qe7 18. Qxd5 O-O-O 19. Qc6+ Kb8 20. Bf4+ 1-0

[Event "CHN-ch Blitz Open 2018"]
[Site "Tianjin"]
[Date "2018.06.07"]
[Round "1"]
[White "Zhao, Yuanhe"]
[Black "Lu, Shanglei"]
[Result "1-0"]
[WhiteElo "2379"]
[BlackElo "2630"]
[Annotator "TA"]
[PlyCount "106"]
[EventDate "2018.06.07"]
[EventType "blitz"]
[EventRounds "9"]
[EventCountry "CHN"]
[SourceTitle "playchess.com"]
[Source "ChessBase"]
[SourceQuality "1"]

{[%evp 18,106,20,0,18,14,14,23,22,14,21,10,33,18,7,4,27,-18,32,-37,-26,-37,-42,-40,-15,-8,-7,-7,-7,-8,-7,-8,0,0,0,0,12,0,0,0,0,0,0,0,37,0,0,0,0,0,21,0,0,0,56,0,0,0,219,203,5254,5112,5061,4134,3140,1546,29966,29968,29964,29962,12625,8009,29981,29974,29973,29974,29974,29975,4133,969,29943,0,1052,884,29984,29979,29978,29980,29980,29981,29979]} 1. Nf3 d6 2. c4 g6 3. Nc3 Bg7 4. g3 e5 5. Bg2 f5 6. O-O Nf6 7. d3 h6 8. Rb1 O-O 9. b4 a6 {A21: English Opening: 1...e5 2 Nc3} (9... g5 10. b5 Kh8 11. Ba3 Nbd7 12. Nd2 a6 13. Qb3 axb5 14. cxb5 Nb6 15. Bb4 Qe8 16. a4 Be6 17. Qc2 Rb8 18. a5 {0-1 (37) Harikrishna,P (2727)-Ponomariov,R (2714) Beijing 2014}) 10. a4 {LiveBook: 3 Games} g5 11. b5 axb5 {The position is equal.} 12. axb5 Be6 $146 ({Predecessor:} 12... Nbd7 13. Bb2 Qe8 14. Nd2 Nc5 15. Nb3 Ne6 16. Nd5 g4 17. Nxf6+ Bxf6 18. e3 {½-½ (46) Nicholson,M (2476)-Van Tienhoven,R (2416) ICCF email 2014}) 13. Bb2 Nbd7 14. Nd2 Ra7 15. Ra1 Rxa1 16. Bxa1 b6 17. Nd5 Nc5 18. Nb3 ({White should try} 18. Nb4 $14) 18... Nxd5 $15 19. Bxd5 Bxd5 20. cxd5 Qd7 21. Nxc5 bxc5 22. Qa4 f4 23. Kg2 Qf7 {...f3+ is the strong threat.} 24. Qe4 h5 25. Bc3 Bh6 26. f3 g4 27. Rg1 fxg3 28. hxg3 gxf3+ $1 29. exf3 Bg7 30. Rh1 Rb8 31. Qc4 Rf8 32. Qe4 $36 {[%mdl 2048] White is pushing.} Ra8 33. Ra1 Rb8 34. Qc4 Qg6 35. Ra7 h4 (35... e4 $11 36. dxe4 h4) 36. Qxh4 (36. Be1 $1 $14) 36... Qxd3 $11 37. Be1 Rf8 $2 {[#]} (37... e4 $11 38. Qxe4 Qxe4 39. fxe4 Rxb5) 38. Qg4 $1 $18 Qxd5 $2 (38... Qc2+ 39. Bf2 e4 40. Qe6+ (40. Qxe4 Qxe4 41. fxe4 Rc8 $18) 40... Kh8) 39. Rxc7 {[%csl Gc7][%cal Rg4g7]} Rf7 40. Rc8+ Rf8 41. b6 {[%cal Bb5b6,Bb6b7][%mdl 32]} e4 42. Rxf8+ Kxf8 43. Qxe4 Qa2+ 44. Kh3 d5 45. Qf5+ Ke7 46. b7 Qb3 47. Qc8 Be5 48. Kg4 (48. Ba5 $142 d4 49. Bd8+ Kf7 50. Bc7 Bxc7 51. Qxc7+ Ke6 52. b8=Q Qxb8 53. Qxb8) 48... Bd6 49. f4 $2 {[#]} (49. Bd2 {mates} Qb2 50. Bg5+ Kf7 51. Qd7+ Kg8 52. Bf4 Qf6 53. Qe8+ Kg7 54. Bxd6) 49... d4 $2 {[%mdl 8192]} (49... Qd1+ $11 50. Kh3 Qxe1) 50. Ba5 d3 51. Qd8+ {White mates.} Kf7 52. Qxd6 Qxb7 53. Qxd3 Qc6 {Precision: White = 57%, Black = 32%.} 1-0

[Event "CHN-ch Blitz Open 2018"]
[Site "Tianjin"]
[Date "2018.06.07"]
[Round "2"]
[White "Wang, Hao"]
[Black "Bai, Jinshi"]
[Result "1-0"]
[WhiteElo "2710"]
[BlackElo "2594"]
[Annotator "TA"]
[PlyCount "60"]
[EventDate "2018.06.07"]
[EventType "blitz"]
[EventRounds "9"]
[EventCountry "CHN"]
[SourceTitle "playchess.com"]
[Source "ChessBase"]
[SourceQuality "1"]

{[%evp 26,60,28,8,45,29,54,57,52,30,75,54,96,108,233,237,265,244,384,383,373,341,327,332,428,403,370,375,535,511,577,570,602,579,607,593,702]} 1. e4 e5 2. Nf3 Nf6 3. Nc3 Nc6 4. Bb5 Bb4 5. O-O O-O 6. d3 Bxc3 7. bxc3 d6 8. Bg5 Bd7 9. Rb1 a6 10. Ba4 {C49: Four Knights: 4 Bb5 Bb4} Rb8 11. Bb3 h6 12. Bh4 Qe7 13. Re1 Na5 14. d4 {[#] LiveBook: 9 Games} Bc6 $146 ({Predecessor:} 14... Rbd8 15. h3 g5 16. Nxg5 hxg5 17. Bxg5 Kh7 18. Qf3 {1-0 (28) Rublevsky,S (2684)-Blagojevic,D (2516) Valjevo 2011}) 15. Qd3 Nxb3 16. axb3 Rfe8 17. h3 Rbd8 18. Ra1 g5 {[#]} 19. Nxg5 $1 {[%mdl 512] Nf3 is the strong threat.} hxg5 (19... Nxe4 $16 20. Nf3 (20. Nxe4 Qxh4 21. d5 Bd7 $16) 20... Ng5) 20. Bxg5 $18 exd4 21. cxd4 $40 {[%mdl 128] Black is in trouble.} Bxe4 {[#]} (21... Ra8 $142 22. e5 dxe5) 22. Qg3 $1 {Intending Bxf6+ and mate.} ({Weaker is} 22. Bxf6 Bxd3 23. Rxe7 (23. Bxe7 Rd7 $16) 23... Rxe7 $16) 22... Nh5 23. Bxe7+ Nxg3 24. Bxd8 Nf5 25. f3 Rxd8 26. Rxe4 Kg7 (26... d5 {might work better.}) 27. Rae1 {White is clearly winning.} Rh8 28. Kf2 a5 29. Rf4 Kg6 30. d5 Rd8 {Precision: White = 76%, Black =  8%.} 1-0

[Event "CHN-ch Blitz Open 2018"]
[Site "Tianjin"]
[Date "2018.06.07"]
[Round "2"]
[White "Lu, Shanglei"]
[Black "Ma, Zhonghan"]
[Result "1/2-1/2"]
[WhiteElo "2630"]
[BlackElo "2489"]
[Annotator "TA"]
[PlyCount "100"]
[EventDate "2018.06.07"]
[EventType "blitz"]
[EventRounds "9"]
[EventCountry "CHN"]
[SourceTitle "playchess.com"]
[Source "ChessBase"]
[SourceQuality "1"]

{[%evp 12,100,41,10,3,-18,10,-26,14,0,15,12,42,31,20,-33,-16,-29,-25,-18,-25,-78,-79,-97,-100,-97,-75,-59,0,0,0,0,0,0,0,0,141,133,127,0,0,0,0,0,0,0,0,0,0,0,0,-20,-23,-20,0,-20,0,-63,0,-24,0,-22,0,-27,0,-25,0,-18,0,-55,0,-17,0,-54,0,-17,0,-18,0,-25,0,-52,0,-35,0,-67,0,-31,0,-68,0]} 1. e4 d5 2. exd5 Nf6 3. d4 Nxd5 4. c4 Nb6 5. Nc3 e5 6. Nf3 Bg4 7. d5 {LiveBook: 3 Partien. B01: Skandinavische Verteidigung} (7. Qe2 {is interesting.} Be7 8. dxe5 Nc6 9. Qe4 Bxf3 10. gxf3 Qd4 11. Be3) 7... Bb4 8. Be2 O-O 9. O-O {Die Stellung ist ausgeglichen.} ({Jedoch nicht} 9. Nxe5 $2 Bxe2 10. Qxe2 Re8 $19) (9. Qb3 $5 {[%cal Rb3b4]} a5 10. O-O $11) 9... Re8 $146 (9... Bxc3 $5 10. bxc3 N8d7 $11) ({Vorgänger:} 9... c6 10. Nxe5 Bxc3 11. Nxg4 Bb4 12. Bd3 cxd5 13. Nh6+ Kh8 14. Qh5 g6 {½-½ (39) Belkhodja,S (2443)-Bergez,L (2371) Evry 2003}) 10. Qb3 a5 (10... Bxc3 $5 11. Qxc3 (11. bxc3 e4 $11) 11... e4 $14) 11. a3 Bxc3 12. Qxc3 c6 13. d6 (13. Bg5 $11 f6 14. dxc6 Nxc6 15. Rfd1) 13... e4 $15 14. Nd4 $1 Bxe2 15. Nxe2 Qxd6 16. c5 (16. Be3 $1 $11 {bleibt in der Remisbreite.} N8d7 17. Rfd1) 16... Qd3 $17 17. Qxd3 exd3 18. Nf4 Na4 {Weiss muss nun ...Td8 beachten.} 19. Nxd3 Na6 (19... Rd8 $1 $15 20. b3 Rxd3 21. bxa4 Nd7) 20. Be3 $11 Rad8 21. Rfd1 Rd5 22. Kf1 $1 Red8 23. Ke2 Nc7 {[#]} (23... f6 $11 {hält das Gleichgewicht.}) 24. Rac1 $1 $16 {Und b3 würde nun gewinnen.} Nb5 25. g3 ({Weiss kommt nicht vorbei an} 25. Rc4 $16 Rxd3 26. Rxd3 Rxd3 27. Rxa4) 25... Kf8 $11 26. h4 f5 27. Rd2 Re8 {[#] ...Sd4+ ist eine echte Drohung.} 28. Kf1 Red8 29. Ke2 Nd4+ 30. Bxd4 $1 Rxd4 31. Rcc2 Re4+ 32. Kf1 Red4 33. Ke2 Re4+ 34. Kd1 ({Günstiger ist} 34. Kf1 $11) 34... Red4 35. Ke2 Re4+ 36. Kf3 Red4 37. Ke3 Re4+ 38. Kf3 Red4 39. Ke2 Re4+ 40. Kd1 Red4 41. Ke2 Re4+ 42. Kd1 Red4 43. Ke2 Re4+ 44. Kf1 Red4 45. Ke2 Re4+ 46. Kd1 Red4 47. Ke2 Re4+ 48. Kd1 Red4 49. Ke2 Re4+ 50. Kd1 Red4 {Precision: Weiß = 53%, Schwarz = 53%.} (50... Rd5 $1 $15) 1/2-1/2

[Event "CHN-ch Blitz Open 2018"]
[Site "Tianjin"]
[Date "2018.06.07"]
[Round "2"]
[White "Zhou, Jianchao"]
[Black "Li, Di"]
[Result "1-0"]
[WhiteElo "2615"]
[BlackElo "2450"]
[Annotator "TA"]
[PlyCount "77"]
[EventDate "2018.06.07"]
[EventType "blitz"]
[EventRounds "9"]
[EventCountry "CHN"]
[SourceTitle "playchess.com"]
[Source "ChessBase"]
[SourceQuality "1"]

{[%evp 17,77,0,0,0,2,0,0,-8,8,0,8,-14,8,0,1,-12,-9,-11,-8,-8,4,0,3,0,9,18,14,14,14,12,25,0,10,0,0,0,0,0,0,0,0,0,0,0,81,2,66,0,16,0,0,0,21,-233,-232,-210,-165,-161,1371,1507,1410,1321]} 1. Nf3 d5 2. g3 c6 3. Bg2 Nf6 4. O-O Bg4 5. d3 Nbd7 6. Nbd2 e5 7. h3 Bxf3 8. Nxf3 {A07: Barcza-System (Königsfianchetto mit möglichen Übergängen in andere Systeme)} Bc5 9. e3 O-O {LiveBook: 5 Partien} 10. b3 {Die Stellung ist ausgeglichen.} Qe7 (10... Re8 11. Bb2 a5 12. a3 Qc7 13. Qe2 Bd6 14. Nd2 Nc5 15. Rae1 Qe7 {1-0 (40) Shankland,S (2662)-Hambleton,A (2474) Sitges 2017}) 11. Bb2 Ba3 $146 ({Vorgänger:} 11... Rfe8 12. Re1 Bb6 13. Nh4 Qe6 14. c4 Rad8 15. Qc2 {1-0 (57) Stolberg,D (1412)-Lemke,B (1312) Willingen 2009}) 12. Bc3 Bb4 13. Bb2 Ba3 14. Bc3 Bb4 15. Bb2 Ba3 16. Qc1 Bxb2 17. Qxb2 Rfe8 18. Rfd1 a5 19. a3 g6 20. b4 axb4 21. axb4 Qd6 22. c4 {[%cal Bc2c4,Bc4c5][%mdl 32]} Kg7 23. Nd2 h5 24. c5 Qc7 25. h4 b6 26. d4 exd4 (26... Rab8 {feels hotter.} 27. Qc3 exd4 28. Qxd4 bxc5 29. bxc5 Rb5) 27. exd4 b5 28. Rxa8 Rxa8 29. Ra1 Re8 30. Nf3 Ne4 (30... Ng4 $11) 31. Qc2 (31. Ra6 $16) 31... Qb7 ({Besser ist} 31... Nef6 $11) 32. Re1 (32. Bh3 $14) 32... Ra8 33. Ng5 Nxg5 34. hxg5 {[#] Te7 ist eine echte Drohung.} Qc7 35. Re7 $2 {[%mdl 8192]} (35. Bh3 $11 {und Weiss ist OK.} Nf8 36. Qc1) 35... Qd8 $19 36. Qe2 Ra1+ 37. Kh2 Nf8 $4 {[%mdl 8192] [#]} (37... Kf8 $19 38. Re3 Qxg5) 38. Qe5+ $18 Kg8 39. Qf6 {Precision: Weiß = 37%, Schwarz = 52%.} 1-0

[Event "CHN-ch Blitz Open 2018"]
[Site "Tianjin"]
[Date "2018.06.07"]
[Round "2"]
[White "Wen, Yang"]
[Black "Xu, Xiangyu"]
[Result "1-0"]
[WhiteElo "2596"]
[BlackElo "2581"]
[Annotator "TA"]
[PlyCount "43"]
[EventDate "2018.06.07"]
[EventType "blitz"]
[EventRounds "9"]
[EventCountry "CHN"]
[SourceTitle "playchess.com"]
[Source "ChessBase"]
[SourceQuality "1"]

{[%evp 12,43,20,0,22,34,57,57,64,61,54,36,148,54,83,76,110,112,96,97,102,103,244,230,218,236,484,492,711,707,683,679,721,707]} 1. d4 d5 2. Nf3 Nf6 3. Bf4 Bf5 4. e3 e6 5. Nbd2 Bd6 6. Ne5 Nbd7 {D02: 1 d4 d5 2 Nf3 sidelines, including 2...Nf6 3 g3 and 2...Nf6 3 Bf4} (6... h6 7. g4 Bh7 8. h4 Nfd7 9. Bd3 Bxe5 10. dxe5 Bxd3 11. cxd3 c5 12. Nf3 Nc6 13. h5 Qb6 14. Qe2 {½-½ (93) Caruana,F (2811)-Yu,Y (2760) chess.com INT 2018}) 7. c3 {LiveBook: 3 Games} O-O 8. Be2 Ne4 {White is slightly better.} 9. g4 {And now Nxd7 would win.} Bxe5 10. dxe5 Bg6 11. h4 f6 {[#]} (11... Nec5 $14) 12. h5 (12. Nxe4 $1 $16 {Threatens to win with Ng3.} Bxe4 13. f3) 12... fxe5 {...Be8 is the strong threat.} 13. hxg6 exf4 14. Nxe4 dxe4 {[#]} 15. Qd4 $146 ({Predecessor:} 15. gxh7+) 15... Nf6 16. Bc4 Qxd4 (16... Re8 $16) 17. Bxe6+ $18 Kh8 18. cxd4 Rae8 $2 (18... h6 19. g5 (19. exf4 c6 $16) 19... Ng8) 19. Bf7 {White is clearly winning.} Re7 (19... h6 $142 20. g5 (20. exf4 Rd8 $18) 20... Ng8 21. Bxe8 Rxe8 22. exf4 Ne7) 20. g5 {[%cal Bg4g5,Bg5g6][%mdl 32]} Rexf7 21. gxf7 Nd5 22. g6 {Precision: White = 53%, Black = 14%.} 1-0

[Event "CHN-ch Blitz Open 2018"]
[Site "Tianjin"]
[Date "2018.06.07"]
[Round "2"]
[White "Gao, Rui"]
[Black "Xiang, Zeyu"]
[Result "1-0"]
[WhiteElo "2561"]
[BlackElo "2423"]
[Annotator "TA"]
[PlyCount "147"]
[EventDate "2018.06.07"]
[EventType "blitz"]
[EventRounds "9"]
[EventCountry "CHN"]
[SourceTitle "playchess.com"]
[Source "ChessBase"]
[SourceQuality "1"]

{[%evp 22,147,31,30,35,14,44,34,33,34,24,29,43,41,38,12,25,25,33,28,28,32,56,3,23,12,17,12,42,29,79,75,83,74,90,88,89,83,125,129,155,126,147,115,268,113,296,143,237,102,158,88,283,208,246,191,295,157,152,139,150,158,187,182,302,185,243,111,119,106,167,118,346,200,505,199,819,806,820,822,830,801,845,839,29988,1678,29986,29987,29987,5206,1304,648,840,868,812,812,796,769,983,974,974,970,920,835,888,857,807,794,12841,970,1826,1670,1825,1520,1691,502,745,677,2595,2229,12843,12843,12844,12844,12845,12844,12845,12845]} 1. e4 e5 2. Nf3 Nf6 3. Nc3 Nc6 4. Bb5 Bb4 5. O-O O-O 6. d3 Bxc3 7. bxc3 d6 8. Bg5 Bd7 9. Rb1 a6 10. Ba4 {C49: Four Knights: 4 Bb5 Bb4} Rb8 11. Bb3 h6 12. Bh4 {LiveBook: 21 Games. White is slightly better.} Na5 (12... b5 13. h3 Re8 14. Qc1 Na5 15. Re1 Nxb3 16. cxb3 Bc6 17. c4 bxc4 18. Qxc4 {1-0 (41) Svidler,P (2765)-Malakhov,V (2686) St Petersburg 2017}) 13. Re1 Nxb3 $146 ({Predecessor:} 13... Qe7 14. d4 Nxb3 15. axb3 Rbd8 16. h3 Bc8 17. Qc1 b6 18. c4 {1-0 (33) Vorobiov,E (2580)-Flear,G (2459) Lille 2012}) 14. cxb3 Bg4 15. h3 Bh5 16. g4 Bg6 17. Nh2 Re8 18. Qf3 Re6 19. Nf1 Qd7 20. Ne3 Nh7 21. Qg2 c6 22. c4 (22. Rbd1 $14) 22... f6 23. Bg3 Rd8 24. h4 Bf7 25. Rbd1 Ree8 26. d4 {[%cal Bd3d4,Bd4d5][%mdl 32]} Nf8 27. h5 Qc8 28. d5 b5 29. Nf5 c5 30. f4 Nh7 31. fxe5 dxe5 32. Bh4 Qd7 $2 (32... bxc4 $16 33. bxc4 Qc7) 33. Qf2 (33. b4 $1 $18) 33... Rc8 $2 (33... bxc4 $16 {keeps fighting.} 34. bxc4 Qa7) 34. Qe3 (34. b4 $18 {is more deadly.}) 34... Red8 {[#]} (34... bxc4 $16 35. bxc4 Qa7) 35. Kg2 (35. b4 $1 $18 {[%mdl 512] and White stays clearly on top.}) 35... Kh8 (35... bxc4 $142 36. bxc4 Ng5) 36. Rd2 (36. Rc1 $142) 36... Rg8 $2 (36... Be6 $16 {was worth a try.}) 37. Kh2 Rgd8 38. Red1 Re8 {[#]} (38... bxc4 $142 39. bxc4 Ng5) 39. Qc3 (39. Nxh6 $1 $18 {[%mdl 512]} bxc4 (39... gxh6 40. Qxh6) 40. bxc4) 39... Red8 40. Qa5 Qb7 41. Rc1 Rd7 42. Qc3 Nf8 (42... bxc4 {is a better defense.} 43. Qxc4 Ng5) 43. Bf2 b4 (43... Nh7 $142 44. cxb5 axb5 45. Bxc5 Ng5) 44. Qb2 (44. Qe3 $18 {and the rest is easy.}) 44... Nh7 45. Be3 Kg8 (45... Qb6 $16) 46. Rd3 Re8 $2 (46... a5 $16 {might work better.} 47. Qc2 Qb6) 47. Qd2 (47. Bxc5 $142 {Black must now prevent Qe2.} Be6 48. Bf2) 47... Rc8 $2 {[#]} (47... Ng5 {is tougher.} 48. Bxc5 Nxe4 49. Qxb4 Qc7) 48. Ra1 $2 (48. Bxh6 $1 {[%mdl 512]} Be8 (48... gxh6 49. Qxh6) 49. Be3) 48... Nf8 $2 {[#]} (48... Be8 49. Qf2 Qb6) 49. Bxh6 $1 $18 {[%mdl 512]} gxh6 50. Qxh6 {[%csl Gf5][%cal Rh6g7]} Be8 51. Qxf6 Rh7 52. Rf1 Bd7 53. Nd6 (53. Qg5+ $142 Kh8 54. Nd6 Bxg4 55. Nxb7 Rxh5+ {[#]} 56. Qxh5+ $3 {[%mdl 512]} Bxh5 57. Rh3 Kh7 58. Rxh5+ Kg6 59. Rhf5) 53... Qc7 54. Nxc8 Qxc8 55. Rg3 (55. h6 $142 Qe8 56. Rdf3 Re7 57. d6 Nh7 58. Qxe7 Qxe7 59. dxe7 Ng5 60. Rf8+ Kh7 61. Rd8) 55... Qe8 {White is clearly winning.} 56. Qd6 (56. h6 $142) 56... Qe7 57. Qxe7 Rxe7 58. g5 Rh7 59. h6 Ng6 60. Rf6 Be8 61. Rxa6 Nf4 62. Ra8 Kf8 63. a3 bxa3 64. Rxa3 Rf7 65. Ra2 (65. g6 $142 Nxg6 66. Rxg6) 65... Ng6 66. Rh3 Rf4 67. h7 Nh8 68. Re2 (68. Ra8 $142 Rf2+ 69. Kg3) 68... Rg4 69. Rf2+ Bf7 70. d6 Rxe4 {[#]} 71. g6 $1 Nxg6 72. h8=Q+ Nxh8 73. Rxh8+ Kg7 {[#]} 74. Rxf7+ $1 {Precision: White = 43%, Black = 20%.} 1-0